LEADER 01141nam0 22003131i 450 001 RML0294245 005 20231121125738.0 010 $a1584884541 100 $a20121121d2006 ||||0itac50 ba 101 | $aeng 102 $aus 181 1$6z01$ai $bxxxe 182 1$6z01$an 200 1 $aRobust statistical methods with R$fJana Jureckova, Jan Picek 210 $aBoca Raton $cChapman & Hall/CRC $d2006 215 $aX, 197 p.$d24 cm 606 $aStatistica$2FIR$3RMLC005423$9I 606 $aR (Computer program language)$2FIR$3RMLC385106$9I 676 $a519.5$9$v20 700 1$aJureckova$b, Jana$3RMLV190040$0105263 701 1$aPicek$b, Jan$3RMLV190039$0502451 801 3$aIT$bIT-01$c20121121 850 $aIT-FR0098 899 $aBiblioteca Area Giuridico Economica$bFR0098 912 $aRML0294245 950 0$aBiblioteca Area Giuridico Economica$d 53DIPSE 519.5/39$e 53VM 0000638915 VM barcode:BAGE000798. - Inventario:66. - Fondo:Sala consultazioneVM$fA $h20061017$i20121204 977 $a 53 996 $aRobust statistical methods with R$9709728 997 $aUNICAS LEADER 01790nam0 22004453i 450 001 NAP0643765 005 20251003044257.0 010 $a9789400704114 100 $a20140716d2011 ||||0itac50 ba 101 | $aita 102 $anl 181 1$6z01$ai $bxxxe 182 1$6z01$an 200 1 $aTurbulent combustion modeling$eadvances, new trends and perspectives$fTarek Echekki, Epaminondas Mastorakos, editors 210 $aDordrecht [etc.]$cSpringer$d2011 215 $aXXI, 490 p.$cill.$d25 cm 225 | $aFluid mechanics and its applications$v95 410 0$1001AQ10004229$12001 $aFluid mechanics and its applications$v95 606 $aFluidi$xTurbolenza$2FIR$3CFIC223717$9N 606 $aFluidi$xMeccanica$2FIR$3CFIC010900$9E 606 $aCOMBUSTIONE$xMODELLI MATEMATICI$2FIR$3MILC075192$9I 676 $a541$9Chimica fisica$v14 676 $a541.361$9Termochimica e termodinamica. Combustione$v22 696 $aMoto turbolento$aFlusso turbolento$aCorrente turbolenta 696 $aMeccanica newtoniana$aMeccanica classica 699 $aTurbolenza$zMoto turbolento 699 $aTurbolenza$yFlusso turbolento 699 $aTurbolenza$yCorrente turbolenta 699 $aMeccanica$yMeccanica newtoniana 699 $aMeccanica$yMeccanica classica 702 1$aEchekki$b, Tarek$3NAPV154353$4340 702 1$aMastorakos$b, Epaminondas$3NAPV154354$4340 801 3$aIT$bIT-000000$c20140716 850 $aIT-BN0095 901 $bNAP 01$cSALA DING $n$ 912 $aNAP0643765 950 0$aBiblioteca Centralizzata di Ateneo$c1 v.$d 01SALA DING 541 TURCM$e 0102 0000098405 VMA A4 1 v.$fY $h20140716$i20140716 977 $a 01 996 $aTurbulent combustion modeling$91573842 997 $aUNISANNIO